Statistics for Biggest Salt Water Fish

Click here to take the quiz!

General Stats

  • This quiz has been taken 27 times
  • The average score is 7 of 10

Answer Stats

PositionFish% Correct
#3Great White Shark
96%
#1Whale Shark
87%
#5Giant Oceanic Manta Ray
70%
#10Reef Manta Ray
70%
#2Basking Shark
65%
#4Tiger Shark
61%
#9Hoodwinker Sunfish
52%
#6Ocean Sunfish
52%
#8Sharptail Mola
52%
#7Southern Sunfish
52%

Score Distribution

Percentile by Number Answered

Percent of People with Each Score

Your Score History

You have not taken this quiz